00913cam a2200229 a 450000100100000000500170001000800410002702000150006804000240008308200150010710000280012224500880015026000430023830000200028150000270030165000360032865000290036491000340039395201180042795201230054599900150066800000395920200929150636.0931026s1988 txu 001 f spa d a0311370268 aDO-SdBNPcTxIrdDLC a813bV152t1 aValencia, Eddie.91190010aTulipanes en diciembre :bdos novios frente al dilema del aborto /cEddie Valencia. aEl Paso, Tex. :bMundo Hispano,c1988. a96 p. ;c18 cm. aE.M.H. Art. No. 37026. 4aLiteratura norteamericana93227 4aAbortoxFicción911901 aCatalogación por copia / LC 001052708MOaGRbGRcCTd2009-07-15iLF1l0o813 V152tp3959-10r2020-06-25w2020-06-25y2ZPréstamo interno 001053728MOaGRbGRcCTd2009-07-15iLF1l0o813 V152tp3959-20r2020-06-25te.2w2020-06-25y2ZPréstamo interno c3778d3778